000 00537nam a2200193Ia 4500
005 20250508161258.0
008 008 250505s9999 xx 000 0 eng d
037 _aTextBook
040 _aFEDL
_beng
_cFEDL
041 _aeng
_2eng
084 _a300.7, WES/R
_qFEDL
100 _aWesley Edgar Bruce
_992068
245 0 _aTeaching social studies in high schools
250 _a3
260 _aBoston, USA
_bD C Heath and Company
_c1950
300 _axiv,592p
942 _cTB
_h300.7, WES/R
999 _c1369312
_d1369312